| 000 | 01368com a2200253 u 4500 | ||
|---|---|---|---|
| 003 | MX-MxUPN | ||
| 005 | 20250301063753.0 | ||
| 008 | 190812s2004 mx br d00 onspa d | ||
| 020 | _a9685927006 (libro) | ||
| 035 | _aUPN01000231914 | ||
| 040 |
_aMX-MxUPN _bspa |
||
| 050 | 4 |
_aF1221 T8 _bT379 2004 |
|
| 245 | 0 | 0 |
_aTarjetas de autoaprendizaje : _bpueblo tseltal |
| 260 |
_aMéxico, D.F. : _bSecretaría de Educación Pública, Coordinación General de Educación Intercultural Bilingüe , _c2004. |
||
| 300 | _a1 volumen (67 páginas), 1 hoja plegada, 1 tarjeta aclaratoria, 16 tarjetas en tseltal, 11 tarjetas en castellano | ||
| 505 |
_tGuía para desarrollar las tarjetas de autoaprendizaje [volumen] / _rCarmen Gallegos, Jessica Martínez. _tCalendario de actividades del pueblo tseltal zona baja [hoja plegada]. -- _t[Tarjeta que aclara que las tarjetas de autoaprendizaje se han inspirado en la propuesta de UNICEF "Ocasiones para aprender" de 1997] _tTarjetas de autoaprendizaje en tseltal. _tTarjetas de autoaprendizaje en castellano |
||
| 650 | 4 |
_aIndígenas de México _xEducación _zChiapas _918594 |
|
| 650 | 4 |
_aTzeltal _xEstudio y enseñanza (Elemental) _927636 |
|
| 650 | 4 |
_aEducación bilingüe _91532 |
|
| 700 | 1 |
_934134 _aBertely Busquets, María _ecoordinación |
|
| 902 | _bVíctorGodínez/060623 | ||
| 942 |
_2lcc _cKIT |
||
| 999 |
_c204009 _d204009 |
||